<?xml version="1.0" encoding="UTF-8"?>
<marc:record xmlns:marc="http://www.loc.gov/MARC21/slim">
   <marc:leader>00000nam a2200000 a 4500</marc:leader>
   <marc:datafield ind1="1" ind2=" " tag="100">
      <marc:subfield code="a">Saunders, Catherine</marc:subfield>
      <marc:subfield code="4">aut</marc:subfield>
      <marc:subfield code="e">Verfasser/-in</marc:subfield>
   </marc:datafield>
   <marc:datafield ind1=" " ind2=" " tag="653">
      <marc:subfield code="a">Erstlesebuch</marc:subfield>
   </marc:datafield>
   <marc:datafield ind1=" " ind2=" " tag="653">
      <marc:subfield code="a">Science Fiction</marc:subfield>
   </marc:datafield>
   <marc:datafield ind1=" " ind2=" " tag="653">
      <marc:subfield code="a">Antolin Klasse-3</marc:subfield>
   </marc:datafield>
   <marc:datafield ind1=" " ind2=" " tag="653">
      <marc:subfield code="a">Erstleser2</marc:subfield>
   </marc:datafield>
   <marc:datafield ind1="0" ind2="0" tag="245">
      <marc:subfield code="a">Die Geschichte von Darth Vader</marc:subfield>
   </marc:datafield>
   <marc:datafield ind1=" " ind2="1" tag="264">
      <marc:subfield code="b">Dorling Kindersley Vlg.</marc:subfield>
      <marc:subfield code="c">2017</marc:subfield>
   </marc:datafield>
   <marc:datafield ind1="1" ind2=" " tag="490">
      <marc:subfield code="a">Superleser! Star Wars</marc:subfield>
   </marc:datafield>
   <marc:datafield ind1="1" ind2=" " tag="520">
      <marc:subfield code="a">Wer fürchtet nicht Darth Vader, einen der mächtigsten Bösewichte der Galaxis? Doch warum entschied er sich für die dunkle Seite der Macht und wer ist der erbarmungslose Mann hinter der schwarzen Maske? Hier erfahrt ihr alles über den dunklen Lord, sein Raumschiff sowie seine Vergangenheit als junger Jedi Anakin Skywalker, der einst auf der hellen Seite der Macht stand.
Die Superleser!-Bücher kombinieren das Beste aus Sach- und erzählendem Buch: Aufregende Geschichten werden durch interessante Hintergrundinformationen ergänzt so kommt der Spaß, aber auch der Lerneffekt nicht zu kurz! Die Bücher gibt es in drei Lesestufen: für Leseanfänger in gelb, für Erstleser in grün und für Leseprofis in blau. Am Ende jedes Bandes gibt es ein Quiz mit Fragen zum Text sowie Hinweise und Tipps für Eltern, wie sie ihr Kind beim Lesen lernen bestmöglich unterstützen können.
Die Sach-Geschichten der zweiten Lesestufe sind für Kids ab Ende der ersten bis zur zweiten Schulklasse perfekt geeignet. Auf jeweils 64 Seiten fesseln abwechslungsreiche Geschichten in großer Fibelschrift und mit vielen Bildern. Dazu gibt es ein tolles Lesebändchen zum schnellen Wiederfinden so macht Lesen üben Spaß!</marc:subfield>
   </marc:datafield>
   <marc:datafield ind1=" " ind2=" " tag="020">
      <marc:subfield code="a">9783831032600</marc:subfield>
      <marc:subfield code="9">9783831032600</marc:subfield>
   </marc:datafield>
</marc:record>
